<?xml version="1.0" encoding="UTF-8"?>
<record
    xmlns:xsi="http://www.w3.org/2001/XMLSchema-instance"
    xsi:schemaLocation="http://www.loc.gov/MARC21/slim http://www.loc.gov/standards/marcxml/schema/MARC21slim.xsd"
    xmlns="http://www.loc.gov/MARC21/slim">

  <leader>01151naa a2200229 i 4500</leader>
  <controlfield tag="001">BPP</controlfield>
  <controlfield tag="003">BPK</controlfield>
  <controlfield tag="005">20180124124245.0</controlfield>
  <controlfield tag="008">140510s1984    pl     f     |100 0 pol</controlfield>
  <datafield tag="040" ind1=" " ind2=" ">
    <subfield code="c">BPK</subfield>
  </datafield>
  <datafield tag="080" ind1=" " ind2=" ">
    <subfield code="a">664:62-1/-8</subfield>
  </datafield>
  <datafield tag="100" ind1=" " ind2=" ">
    <subfield code="a">TARASEWICZ, W&#x142;adys&#x142;aw.</subfield>
    <subfield code="d">1983 - 1991.</subfield>
    <subfield code="b">Wy&#x17C;sza Szko&#x142;a In&#x17C;ynierska w Koszalinie - Instytut Konstrukcji i Eksploatacji Maszyn,</subfield>
    <subfield code="c">Zak&#x142;ad Maszyn Przemys&#x142;u Spo&#x17C;ywczego</subfield>
  </datafield>
  <datafield tag="245" ind1=" " ind2=" ">
    <subfield code="a">Metodyka okre&#x15B;lania czasu homogenizacji cieczy w mieszalniku periodycznym /</subfield>
    <subfield code="c">W&#x142;adys&#x142;aw Tarasewicz, Grzegorz Radomski.</subfield>
  </datafield>
  <datafield tag="260" ind1=" " ind2=" ">
    <subfield code="c">1984.</subfield>
  </datafield>
  <datafield tag="500" ind1=" " ind2=" ">
    <subfield code="a">Dane z kartoteki PP.</subfield>
  </datafield>
  <datafield tag="650" ind1=" " ind2="0">
    <subfield code="a">Przemys&#x142; rolno-spo&#x17C;ywczy.</subfield>
  </datafield>
  <datafield tag="650" ind1=" " ind2="0">
    <subfield code="a">Mieszanie - narz&#x119;dzia i maszyny.</subfield>
  </datafield>
  <datafield tag="773" ind1=" " ind2=" ">
    <subfield code="i">W :</subfield>
    <subfield code="t">Budowa i eksploatacja maszyn przemys&#x142;u spo&#x17C;ywczego : III Og&#xF3;lnopolska Konferencja Naukowo-Techniczna. -</subfield>
    <subfield code="d">Lublin : Akademia Rolnicza, 1984. -</subfield>
    <subfield code="g">s. 175-176</subfield>
  </datafield>
  <datafield tag="700" ind1=" " ind2=" ">
    <subfield code="a">RADOMSKI, Grzegorz.</subfield>
    <subfield code="d">1980 - 1996.</subfield>
    <subfield code="b">Wy&#x17C;sza Szko&#x142;a In&#x17C;ynierska w Koszalinie - Instytut Konstrukcji i Eksploatacji Maszyn,</subfield>
    <subfield code="c">Zak&#x142;ad Maszyn Przemys&#x142;u Spo&#x17C;ywczego</subfield>
  </datafield>
  <datafield tag="711" ind1=" " ind2=" ">
    <subfield code="a">BEMS 1984</subfield>
    <subfield code="n">(3 ;</subfield>
    <subfield code="d">1984 ;</subfield>
    <subfield code="c">Lublin, Polska).</subfield>
  </datafield>
  <datafield tag="942" ind1=" " ind2=" ">
    <subfield code="c">ART</subfield>
    <subfield code="2">UKD</subfield>
  </datafield>
  <datafield tag="999" ind1=" " ind2=" ">
    <subfield code="c">6522</subfield>
    <subfield code="d">6522</subfield>
  </datafield>
</record>
